000 00468nam a2200193Ia 4500
005 20240610025718.0
008 240331s9999 xx 000 0 und d
020 _a9559621009
082 _bWIC
_a331
100 _aWickremasinghe, Anoja
245 0 _aLand and forestry
_cAnoja, Wickramasinghe
250 _a1 st
260 _aPeradeniya
_bCORRENSA
_c1997
300 _axiii, 189 p .,
650 _aWoman
650 _aDevelopment
650 _aGender
942 _cL
999 _c2723
_d2723